Memorias y autobiografías de escritores mexicanos /

Recopilación de textos autobiográficos de religiosos, escritores, políticos e intelectuales mexicanos.

Kaydedildi:
Detaylı Bibliyografya
Yazar: Ramos, Raymundo (autor)
Materyal Türü: Kitap
Dil:İspanyolca
Baskı/Yayın Bilgisi: México : UNAM, 1967, c1967
Seri Bilgileri:(Biblioteca del Estudiante Universitario ; 85)
Konular:
Etiketler: Etiketle
Etiket eklenmemiş, İlk siz ekleyin!

MARC

LEADER 00000nam^a2200000^a^4500
001 000093858
005 20250521000000.0
009 20260310092812.603
037 |a Acervo ITESO - Biblioteca 
041 |a ESP 
082 |a 860. 92  |b RAM 
100 |a Ramos, Raymundo  |e (autor) 
245 1 0 |a Memorias y autobiografías de escritores mexicanos /  |c R. Ramos. 
264 4 |a México :  |b UNAM,  |c 1967, c1967 
300 |a 203 p. 
336 |a texto  |b txt  |2 rdacontenido 
337 |a sin mediación  |b n  |2 rdamedio 
338 |a volumen  |b nc  |2 rdasoporte 
440 1 |a (Biblioteca del Estudiante Universitario ;  |v 85) 
520 |a Recopilación de textos autobiográficos de religiosos, escritores, políticos e intelectuales mexicanos. 
649 |a XX 
650 |a Religiosos Mexicanos -  |x Memorias 
650 |a Escritores Mexicanos -  |x Memorias 
650 |a Políticos Mexicanos -  |x Memorias 
650 |a Intelectuales Mexicanos -  |x Memorias 
650 |a Mujeres Mexicanas -  |x Memorias 
650 |a Memorias Mexicanas 
650 |a Literatura Mexicana 
910 |a Fondo Jesús Rodríguez 
920 |a Impresos - Libros 
930 |a Fondos Especiales 
940 |a Literatura 
905 |a 113 
901 |a 0500028503  |b IT2  |c ESP  |u 20250521 
902 |a https://opac.biblio.iteso.mx/vufind/Record/000093858